000 00514nam a2200205 a 4500
001 3675
003 CO-ViMGA
008 141112s2004 ck r 000 u spa d
040 _aCO-ViMGA
_bspa
_cCO-ViMGA
082 0 4 _a575.016 D178
100 1 _aDarwin, Charles
245 1 0 _aTextos fundamentales
260 _aBarcelona :
_bPaidós,
_c1984
300 _a311 p
490 _aPaidós studio, 60
650 1 4 _aDARWINISMO
_953707
650 1 4 _aNATURALISMO
_953708
650 1 4 _aORIGEN DE LA VIDA
942 _2ddc
_cBK
999 _c15712
_d15712